000 00538 a2200193 4500
003 Nust
005 20251008171853.0
010 _a 79017703
020 _a0805369309 :
040 _cNust
082 0 0 _a515,MAR
100 1 _aMarsden, Jerrold E.
_952081
245 1 0 _aCalculus /
_cJerrold Marsden, Alan Weinstein.
260 _aMenlo Park, Calif. :
_bBenjamin/Cummings Pub. Co.,
_cc1980.
300 _axxvii, 837, [175] p. :
_bill. ;
_c29 cm.
650 0 _aCalculus.
700 1 _aWeinstein, Alan,
_d1943-
_9131029
942 _2ddc
_cBK
999 _c217993
_d217993